000 00521nam a22001937a 4500
003 MPLRDC
005 20220104143015.0
008 210129b ||||| |||| 00| 0 eng d
020 _a957-621-112-3
082 _a170.8 TXWH v.7 c.4
100 _aSTEPHEN R.COVEY
245 _a与成功有约
_c顾淑馨 译
250 _a第廿六印
260 _a
_b天下文化出版股份有限
_c1992
300 _b
490 _a天下文化. 心理励志. 7
650 _a心理学总论
942 _cBK
_o170.8 TXWH v.7 c.4
999 _c35731
_d35721